00714nam a2200181 i 450000100060000000300090000600500170001500700030003200800410003510000190007624502420009525000150033726000340035230000270038670000280041371000700044185200210051183606ES-MaACL20230906174849.0t|041117s1973 sp ||||1| spa d1 aIsard, Walter.10aMétodos de análisis regional b: una introducción a la ciencia regional / cpor Walter Isard ; nota preliminar de Juan Hortalá Arau ; [traducción a cargo del Departamento de Teoría Económica de la Universidad de Barcelona]. a[2ª ed.]. aBarcelona : bAriel, c[1973] aLII, 815 p. ; c24 cm.1 aHortalà i Arau, Joan.2 aUniversidad de Barcelona. bDepartamento de Teoría Económica. aES-MaACLjE-5862